From here to infinity / (Record no. 218)

MARC details
000 -LEADER
fixed length control field 00921cam a2200301 x 4500
001 - CONTROL NUMBER
control field 2511813
008 - FIXED-LENGTH DATA ELEMENTS--GENERAL INFORMATION
fixed length control field 961009s1996 enka 00110 eng b
010 ## - LIBRARY OF CONGRESS CONTROL NUMBER
LC control number 95030523
015 ## - NATIONAL BIBLIOGRAPHY NUMBER
National bibliography number b96Z5282
020 ## - INTERNATIONAL STANDARD BOOK NUMBER
International Standard Book Number 0192832026
020 10 - INTERNATIONAL STANDARD BOOK NUMBER
International Standard Book Number 0192832026
Terms of availability m
040 00 - CATALOGING SOURCE
Original cataloging agency BDS
082 00 - DEWEY DECIMAL CLASSIFICATION NUMBER
Classification number 510
Edition information 20
100 10 - MAIN ENTRY--PERSONAL NAME
Personal name Stewart, Ian,
Dates associated with a name 1945-
245 10 - TITLE STATEMENT
Title From here to infinity /
Statement of responsibility, etc. Ian Stewart.
260 ## - PUBLICATION, DISTRIBUTION, ETC.
Place of publication, distribution, etc. Oxford :
Name of publisher, distributor, etc. Oxford University Press,
Date of publication, distribution, etc. 1996.
300 ## - PHYSICAL DESCRIPTION
Extent x,310p
Other physical details ill
Dimensions 20cm
Accompanying material pbk
350 00 - PRICE (NR) (BK AM CF MU VM SE) [OBSOLETE]
Price £7.99 : Formerly CIP
500 ## - GENERAL NOTE
General note New ed. - Previous ed.: published as The problems of mathematics. 1992
504 00 - BIBLIOGRAPHY, ETC. NOTE
Bibliography, etc. note Bibliography: p284-297. - Includes index
650 #0 - SUBJECT ADDED ENTRY--TOPICAL TERM
Topical term or geographic name entry element Mathematics.
700 11 - ADDED ENTRY--PERSONAL NAME
Personal name Stewart, Ian,
Dates associated with a name 1945-
Title of a work Problems of mathematics.
9 (RLIN) 459
900 10 - EQUIVALENCE OR CROSS-REFERENCE-PERSONAL NAME [LOCAL, CANADA]
Titles and other words associated with a name 1945-
900 10 - EQUIVALENCE OR CROSS-REFERENCE-PERSONAL NAME [LOCAL, CANADA]
Titles and other words associated with a name 1945-
942 ## - ADDED ENTRY ELEMENTS (KOHA)
Source of classification or shelving scheme Dewey Decimal Classification
Koha item type Books
956 ## - LOCAL ELECTRONIC LOCATION AND ACCESS (OCLC)
Host name NLS
Holdings
Withdrawn status Lost status Damaged status Not for loan Collection Home library Current library Shelving location Date acquired Barcode Date last seen Price effective from Koha item type
        Reference Fairview Fairview General stacks 09/04/2014 39999000009378 09/04/2014 09/04/2014 Books
        Reference Midway Midway General stacks 09/04/2014 39999000009392 09/04/2014 09/04/2014 Books
        Reference Midway Midway General stacks 09/04/2014 39999000009415 09/04/2014 09/04/2014 Books